000 00550nam a2200217 a 4500
999 _c6792
_d6792
001 6792
003 BD-JhCC
005 20180130104836.0
008 180130s1961 e a|||| || | 000 0 eng d
035 _a(BD-JhCC)6792
040 _aBD-JhCC
_dBD-JhCC
041 _aeng
082 _a823.91
_bROB 1961
100 _aRobertson, Wilfrid
245 _aCoaster's Mate /
_cWilfrid Robertson,
260 _aLondon :
_bCollins London and Glasgow,
_c1961
300 _a191 p. :
_c20 cm.
650 _aEnglish Fiction
942 _2ddc
_cBK